Napoléon et la Catalogne 1808-1814 (Record no. 46359)

MARC details
000 -LEADER
campo de control de longitud fija 00618nam a2200193 i 4500
001 - NÚMERO DE CONTROL
campo de control 46359
003 - IDENTIFICADOR DE NÚMERO DE CONTROL
campo de control ES-MaACL
005 - FECHA Y HORA DE LA ÚLTIMA TRANSACCIÓN
campo de control 20230906161352.0
007 - CAMPO FIJO DE DESCRIPCIÓN FÍSICA--INFORMACIÓN GENERAL
campo de control de longitud fija t|
008 - DATOS DE LONGITUD FIJA--INFORMACIÓN GENERAL
campo de control de longitud fija 030328s1910 fr ||||1| fre d
100 1# - ENTRADA PRINCIPAL--NOMBRE DE PERSONA
Nombre de persona Conard, Pierre.
9 (RLIN) 40064
245 10 - MENCIÓN DEL TÍTULO
Título Napoléon et la Catalogne 1808-1814
Resto del título : la captivité de Barcelone (février 1808-javier 1810) /
Mención de responsabilidad, etc. Pierre Conard.
260 ## - PUBLICACIÓN, DISTRIBUCIÓN, ETC.
Lugar de publicación, distribución, etc. Paris :
Nombre del editor, distribuidor, etc. Alcan,
Fecha de publicación, distribución, etc. 1910.
300 ## - DESCRIPCIÓN FÍSICA
Extensión XLIV, 473 p. ;
Dimensiones 23 cm.
490 1# - MENCIÓN DE SERIE
Mención de serie Bibliothèque d'histoire contemporaine
830 0# - PUNTO DE ACCESO ADICIONAL DE SERIE-TÍTULO UNIFORME
Título uniforme Bibliothèque d'histoire contemporaine
9 (RLIN) 180875
852 ## - LOCALIZACIÓN
Ubicación ES-MaACL
Número de control de estantería G-7537
Holdings
Estatus retirado Estado de pérdida Estado de daño No para préstamo Biblioteca de origen Biblioteca actual Ubicación en estantería Fecha de adquisición Fuente de adquisición Total de préstamos Signatura topográfica completa Código de barras Visto por última vez Precio de reemplazo Tipo de ítem Koha
        Biblioteca del Ateneo de Madrid Biblioteca del Ateneo de Madrid Sala Pecera Planta 3 17/01/2008     G-7537 1048758 23/02/2023 23/02/2023 Libro impreso